000 00737cam a22002773a 4500
001 13585
003 PGUSA
005 20140828083306.0
008 041003s2004||||xxu|||||s|||||000 | eng d
040 _aPGUSA
_beng
042 _adc
050 4 _aPR
100 1 _aWilde, Oscar,
_d1854-1900
245 1 0 _aDe profundis
_h[electronic resource] /
_cOscar Wilde
260 _bProject Gutenberg,
_c2004
506 _aPublic domain in the USA.
516 _aElectronic text
653 _aSuffering
653 _aWilde, Oscar, 1854-1900
653 _aGrief
653 _aImprisonment
700 1 _aBoutens, P. C.,
_d1870-1943
830 0 _aProject Gutenberg
_v13585
856 4 0 _uhttp://www.gutenberg.org/ebooks/13585
942 _cEB
999 _c242840
_d242840